[Event "NSV Open-ch Rapid 2019"]
[Site "Lueneburg"]
[Date "2019.08.03"]
[Round "2.5"]
[White "Schulz, Daniel"]
[Black "Buchenau, Frank"]
[Result "1/2-1/2"]
[WhiteElo "2071"]
[BlackElo "2294"]
[Annotator "TA"]
[PlyCount "152"]
[EventDate "2019.08.03"]
[EventType "swiss"]
[EventCountry "GER"]
[SourceTitle "playchess.com"]
[Source "ChessBase"]
[SourceQuality "1"]

{[%evp 13,152,9,36,24,25,40,26,0,-2,-27,-17,-22,-3,-83,-35,-39,-42,-42,-44,-31,0,0,-9,-55,-13,-26,4,0,0,0,0,-38,-2,-12,-8,-25,0,0,-10,-59,0,-26,-10,-10,0,0,0,-10,-10,-7,0,0,-5,-8,0,-14,-7,-22,0,-10,-8,-8,-12,-11,0,-91,-41,-41,-41,-148,-134,-212,-231,-205,-222,-29964,-29965,-29965,-29968,-29967,-29968,-29969,-29971,-29971,-29971,-29976,-29975,-29978,-29974,-29974,-29974,-29975,0,-29969,-230,-230,-230,-230,-230,-230,0,-230,-230,-230,-230,-230,-229,-230,-196,-195,0,-230,-230,-230,-230,-230,-230,-230,-230,-230,0,-230,-230,-230,-230,-237,-237,-213,-237,-221,0,-224,-8,-8,0,-241,0,-241,-8,-248,-8]} 1. d4 e6 (1... Nf6 2. c4 {½-½ (7) Baburin,A (2541)-Rozentalis,E (2595) Stockholm 2009}) 2. c4 Nf6 3. g3 d5 4. Nf3 Be7 5. Bg2 O-O 6. O-O dxc4 7. Qc2 Bd7 8. Ne5 {E05: Open Catalan: 5 Nf3 Be7} Bc6 9. Nxc6 Nxc6 10. Bxc6 {White has an edge.} bxc6 11. Qxc4 Qd5 12. Qc2 Qxd4 $146 ({Predecessor:} 12... c5 13. dxc5 Qxc5 14. Nc3 Qh5 15. Kg2 Ng4 {1-0 (66) Yuste Navarro,V-Berruga Mendieta,C Burjasot 1995}) 13. Be3 (13. Qxc6 $11 {remains equal.} Rfd8 14. Nc3) 13... Qd5 14. Rd1 Qh5 {aiming for ...Ng4.} 15. f3 Nd5 16. Bf2 $1 Nb4 17. Qc4 Qb5 18. Qe4 Rfd8 19. Nc3 Qf5 (19... Qa6 {keeps more tension.} 20. a3 Nd5 21. Na4 Nb6 22. Nc5 Bxc5 23. Bxc5 Rd5) 20. a3 Nd5 21. Qxf5 exf5 22. Na4 Bf6 23. Rac1 Nb6 24. Nc3 Nc4 25. Rxd8+ Rxd8 26. Na4 Nb6 (26... Nxb2 $15 27. Nxb2 Bxb2 28. Rxc6 Bxa3) 27. Nxb6 axb6 28. Rxc6 $11 {[%mdl 4096] Endgame KRB-KRB} Rd1+ 29. Kg2 Bd8 30. Rc2 Kf8 31. Be3 Ke7 32. Bg5+ f6 33. Bf4 c5 34. Kf2 g5 35. Be3 Bc7 36. Kg2 f4 37. gxf4 gxf4 38. Bf2 Bd6 39. Kh3 (39. b4 $1 $11 {keeps the balance.}) 39... Rf1 40. Kg2 Rb1 41. Kh3 (41. b4 $15) 41... Be5 $17 42. a4 (42. b4 $17) 42... Rxb2 $19 ({Don't do} 42... Bxb2 43. Kg4 $17) 43. Rxb2 Bxb2 {KB-KB} 44. a5 $2 (44. Kg4 $19) 44... bxa5 45. Bxc5+ Ke6 46. Kg4 a4 47. Kxf4 a3 48. Bxa3 Bxa3 {KB-K3P} 49. Kg4 Bc1 50. f4 Bd2 51. e4 Bc1 52. Kf3 Bd2 53. Kg4 $1 {[#]} Ba5 $2 (53... h5+ $1 {mates} 54. Kf3 (54. Kxh5 Bxf4) 54... Kd7 55. Kg3 Kc7 56. h3 Be1+ 57. Kg2 Kc6 58. Kf3 Kb5 59. Ke2 Bh4 60. Kd3 Kc5 61. Ke2 Kd4 62. e5 f5 63. Kf3 Kd3 64. e6 Kd2 65. Kg2 Ke3 66. Kg1 Kxf4 67. e7 Bxe7 68. Kf2 Ke4 69. Ke1 f4 70. Kf2 f3 71. Ke1 Ke3 72. Kd1 f2 73. Kc1 f1=Q+ {[%mdl 64] Double Attack} 74. Kb2 Kd2 75. h4 Qd3 76. Ka1 Kc2 77. Ka2 Qa6#) 54. h4 Bc7 55. h5 Bb8 56. Kf3 Bc7 57. Kg4 $1 Bd8 58. Kf3 Be7 59. Kg4 Bf8 60. Kf3 Bh6 61. Kg4 Bf8 62. Kf3 Ba3 63. Kg4 Bb2 64. Kf3 Bc3 65. Kg4 Bd4 66. Kf3 Bc3 67. Kg4 $1 Bd2 68. Kf3 Bc1 69. Kg4 Ba3 70. Kf3 Bd6 71. Kg4 Bb8 72. Kf3 $1 {[#]} Kd7 $2 (72... Ba7 $1 $19 {Hoping for ...Bb6.} 73. Kg4 Be3) 73. Kg4 $1 $11 Ke6 $2 (73... Ke7 $11 74. Kf5 Kf7) 74. Kf3 $1 $19 Bc7 75. Kg4 $1 Kd7 $2 (75... h6 $19 {And now ...Bb6 would win.} 76. Kf3 Bb6) 76. Kf5 $11 Kc6 $2 {Accuracy: White = 51%, Black = 36%.} (76... h6 $19 77. Kxf6 Bxf4) 1/2-1/2

[Event "NSV Open-ch Rapid 2019"]
[Site "Lueneburg"]
[Date "2019.08.03"]
[Round "2.6"]
[White "Ertan, Can"]
[Black "Reimers, Achim"]
[Result "1-0"]
[WhiteElo "2396"]
[BlackElo "1975"]
[Annotator "TA"]
[PlyCount "82"]
[EventDate "2019.08.03"]
[EventType "swiss"]
[EventCountry "GER"]
[SourceTitle "playchess.com"]
[Source "ChessBase"]
[SourceQuality "1"]

{[%evp 9,82,40,38,27,71,74,62,50,55,55,57,49,67,63,147,54,100,104,135,113,109,114,114,105,134,117,164,133,137,118,159,75,272,99,53,-25,-30,-25,-38,-27,-16,-93,-87,-121,-94,-233,75,80,100,42,56,0,0,0,0,-11,85,75,148,148,135,133,560,585,850,850,846,822,29982,29983,29981,29982,29982,29984,29984]} 1. e4 d5 2. exd5 Qxd5 3. Nc3 Qd8 4. d4 Nf6 5. Bc4 e6 6. Nf3 {B01: Scandinavian Defence} c6 (6... Nc6 7. O-O Be7 8. Qe2 a6 9. Rd1 Nd5 10. a3 b5 11. Bxd5 exd5 12. Ne5 Nb8 13. Bg5 Be6 14. Bxe7 Qxe7 {1-0 (62) Baklan,V (2617)-Fridman,R (2479) Germany 2015}) 7. O-O Be7 8. Bg5 {White is slightly better.} O-O 9. Qe2 Nbd7 10. Rfe1 Re8 $146 ({Predecessor:} 10... Nd5 11. Bxe7 Nxe7 12. Bxe6 Ng6 13. Bb3 Nf6 {1-0 (22) Mukitul,I (1873)-Mohammad Omar,F (1637) Dhaka 2018}) 11. Rad1 Nd5 ({Black should try} 11... b5 $14) 12. Ne4 (12. Nxd5 $1 $16 cxd5 13. Bxe7 Rxe7 14. Bxd5 $1 {[%mdl 576] Pin}) 12... N7f6 13. Bd3 Nb4 14. Nxf6+ Bxf6 15. Bxf6 Qxf6 16. Ne5 Nxd3 17. Rxd3 Qe7 18. Rh3 {Strongly threatening Qh5.} g6 19. Qe4 Bd7 20. Ree3 (20. Qf4 $142) 20... Rad8 $2 (20... Red8 $16 {keeps fighting.}) 21. Ref3 $2 (21. Reg3 $1 $18) 21... Rf8 $16 22. Rh6 ({White should play} 22. Rh4 $14) 22... Qg5 $11 {( -> ...Qc1+)} 23. Qf4 Qxf4 24. Rxf4 Kg7 25. Rfh4 (25. Rh3 $1 $11) 25... Rh8 $17 26. g4 f6 27. Nf3 (27. Nxd7 $17 Rxd7 28. c3) 27... e5 $2 (27... g5 $1 $19 {[%cal Rg5h4]} 28. R4h5 Be8) 28. dxe5 $16 fxe5 {[#] White must now prevent ...Bxg4!} 29. Nxe5 (29. Ng5 $1 $16) 29... Be6 30. g5 (30. c4 $14) 30... Rd5 31. f4 $1 {next Nxg6 is good for White.} Bf5 32. Nc4 b5 (32... Bxc2 $11 33. Ne3 Rd2) 33. Ne3 Rd2 ({Better is} 33... Rc5) 34. Nxf5+ gxf5 {[%mdl 4096] Endgame [#] KRR-KRR} 35. Re6 $1 {[%cal Re6e7] Re7+ is the strong threat.} ({Don't do} 35. Rxc6 Re8 $14) 35... Rxc2 $2 {[%mdl 8192]} (35... Kf7 $16 {is a better chance.} 36. Rhh6 (36. Rxc6 Re8 $16) 36... Rhd8) 36. Re7+ $18 {[%mdl 64] Double Attack} Kg8 37. Rh6 Kf8 38. Rxa7 {Threatens to win with Rf6+.} Rxb2 39. Rxc6 {[%cal Rc6c8] White mates.} Re2 40. Rc8+ Re8 41. Rxe8+ Kxe8 {Accuracy: White = 42%, Black = 19%.} 1-0

[Event "NSV Open-ch Rapid 2019"]
[Site "Lueneburg"]
[Date "2019.08.03"]
[Round "2.7"]
[White "Joppien, Arne"]
[Black "Priebe, Jan"]
[Result "1/2-1/2"]
[WhiteElo "1940"]
[BlackElo "2204"]
[Annotator "TA"]
[PlyCount "90"]
[EventDate "2019.08.03"]
[EventType "swiss"]
[EventCountry "GER"]
[SourceTitle "playchess.com"]
[Source "ChessBase"]
[SourceQuality "1"]

{[%evp 17,90,42,43,39,41,14,11,8,9,8,24,11,25,0,12,-36,-25,-46,2,2,4,4,12,2,9,-12,0,-39,-27,-50,-19,-20,-19,-33,-33,-33,-33,-51,-50,-52,0,0,0,0,18,14,11,17,16,11,20,4,31,22,10,0,130,72,147,79,156,98,170,146,138,139,173,168,258,253,188,111,1185,406,850]} 1. d4 Nf6 2. c4 g6 3. Nc3 Bg7 4. e4 d6 5. Nf3 O-O 6. Be2 e5 7. O-O Nbd7 8. d5 a5 9. Be3 Ng4 10. Bg5 {E94: King's Indian: Classical: 6 Be2 e5 7 0-0: Various Black 7th moves} f6 11. Bd2 (11. Bh4 h5 12. Ne1 Nc5 13. h3 Nh6 14. Nd3 b6 15. a3 g5 16. Bg3 g4 17. hxg4 hxg4 18. b4 axb4 19. axb4 Rxa1 20. Qxa1 Nb3 {0-1 (33) Abdel Razik,K (2435)-Amin,B (2629) Cairo 2014}) 11... Nc5 12. h3 {The position is equal.} Nh6 13. Be3 f5 14. Bxc5 dxc5 15. Qd2 Nf7 16. Rad1 Nd6 $146 ({Predecessor:} 16... Bd7) 17. Bd3 b6 18. Qe2 Qf6 19. Rfe1 Re8 20. Nb5 Re7 21. Nxd6 cxd6 22. b3 Rf7 23. a3 Bh6 24. Rb1 Rfa7 25. b4 axb4 26. axb4 Qd8 27. bxc5 bxc5 28. Rb2 fxe4 (28... f4 $15) 29. Bxe4 $11 Bd7 30. Reb1 Bf4 31. g3 Bh6 32. Kg2 Ra1 33. Nh2 Qc8 34. Ng4 Bg7 35. f3 R1a3 36. Rb3 h5 (36... Ra2 $11 37. R3b2 R2a7) 37. Nf2 (37. Rxa3 $142 Rxa3 38. Nf2) 37... Bf5 (37... Ra2 $142 38. R1b2 Rxb2 39. Qxb2 h4) 38. R1b2 (38. g4 $142) 38... Kh7 (38... Qf8 $142) 39. Rb7 (39. Rxa3 $142 Rxa3 40. g4) 39... R8a7 (39... Qf8 $16 {was necessary.}) 40. Rxa7 Rxa7 41. g4 hxg4 42. hxg4 Bxe4 (42... Bd7 $142 43. Qc2 Qe8) 43. Nxe4 $18 Qd8 44. Qe3 (44. g5 $18) 44... Qe7 $2 {[%mdl 8192] [#]} (44... Qh4 $16) 45. g5 (45. Ng5+ $142 Kg8 46. Rb8+ Bf8 47. Ne6 Ra2+ 48. Kg3) 45... Bh6 {[%mdl 32768] Accuracy: White = 32%, Black = 30%. . An unexpected result.} (45... Qf8 $142 46. Qe1 Kg8) 1/2-1/2

[Event "NSV Open-ch Rapid 2019"]
[Site "Lueneburg"]
[Date "2019.08.03"]
[Round "2.8"]
[White "von Estorff, Jacob"]
[Black "Kahlert, Thomas"]
[Result "1/2-1/2"]
[WhiteElo "2055"]
[BlackElo "2152"]
[Annotator "TA"]
[PlyCount "74"]
[EventDate "2019.08.03"]
[EventType "swiss"]
[EventCountry "GER"]
[SourceTitle "playchess.com"]
[Source "ChessBase"]
[SourceQuality "1"]

{[%evp 10,74,65,15,37,38,50,50,41,37,37,34,47,39,49,37,33,33,25,14,14,10,20,8,24,0,0,0,20,0,0,0,0,-14,-8,-16,0,0,0,-87,-83,-81,-51,-76,-77,-85,-31,-26,0,0,0,0,0,-37,-37,-37,-37,-37,-37,-39,-30,-30,-21,-30,-30,-31,5189]} 1. e4 e5 2. Nf3 Nc6 3. d4 exd4 4. Nxd4 Bb4+ 5. c3 Be7 6. Be3 d6 {C45: Scotch Game} 7. Nd2 (7. Be2 Nf6 8. Nd2 O-O 9. O-O Ne5 10. h3 c5 11. Nc2 Bd7 12. f4 Ng6 13. Bf3 Nh4 14. e5 Nxf3+ 15. Nxf3 dxe5 16. fxe5 {0-1 (67) Muzychuk,M (2490)-Stefanova,A (2531) Batumi 2012}) 7... Nf6 8. h3 $146 ({Predecessor:} 8. Be2 O-O 9. O-O Re8 10. f4 Bf8 11. Bf3 Nxd4 12. Bxd4 c5 13. Bf2 Bd7 14. e5 dxe5 15. fxe5 Rxe5 {0-1 (28) Zadlo,M (1868)-Jarmula,L (2250) Olsztyn 2013}) 8... O-O {White is slightly better.} 9. Nxc6 bxc6 10. Bd3 c5 11. O-O Bb7 12. Re1 Re8 13. Bg5 Nd7 14. Bxe7 Qxe7 15. Nf3 Qf6 16. Qc2 g6 17. Re2 Bc6 18. Rae1 Re7 19. Nd2 Rae8 20. Nc4 Qg5 21. Qd2 (21. Na5 {is more complex.} Ba8 22. Bb5 Ne5 23. Bxe8 Nf3+ 24. Kf1) 21... Qxd2 22. Nxd2 Nb6 23. b3 Kg7 24. Nc4 (24. f3 $11) 24... Nxc4 $17 25. bxc4 Rb8 26. f4 f6 27. e5 {[#]} fxe5 (27... dxe5 $1 $17 28. fxe5 f5) 28. fxe5 $15 Rxe5 29. Rxe5 dxe5 30. Rxe5 $17 {[%mdl 4096] Endgame KRB-KRB} Rb2 31. Re2 (31. Rxc5 {keeps more tension.} Rxg2+ 32. Kf1 Rd2 33. Rxc6 Rxd3 34. Rxc7+ Kf6 35. Rxh7 Rxc3 36. a4) 31... Rxe2 32. Bxe2 $15 {KB-KB} Kf6 33. Kf2 Ke5 34. g3 Be4 35. Ke3 g5 36. a3 h6 37. Bf1 Bf3 $2 {[%mdl 40960] Accuracy: White = 51%, Black = 41%. . An unexpected result.} (37... Bc6 $15) 1/2-1/2

[Event "NSV Open-ch Rapid 2019"]
[Site "Lueneburg"]
[Date "2019.08.03"]
[Round "2.9"]
[White "Voege, Tobias"]
[Black "Becker, Martin Alexander"]
[Result "1-0"]
[WhiteElo "2303"]
[BlackElo "2373"]
[Annotator "TA"]
[PlyCount "55"]
[EventDate "2019.08.03"]
[EventType "swiss"]
[EventCountry "GER"]
[SourceTitle "playchess.com"]
[Source "ChessBase"]
[SourceQuality "1"]

{[%evp 20,55,0,0,6,0,10,0,16,2,34,2,60,64,107,18,9,8,6,24,56,12,14,29,39,0,0,-3,29,19,545,543,545,547,548,537,518,490]} 1. d4 Nf6 2. c4 e6 3. Nc3 d5 4. Bg5 dxc4 5. e3 a6 6. a4 c5 7. Bxc4 cxd4 8. exd4 Be7 9. Nf3 Nc6 10. O-O O-O 11. Rc1 {[%cal Ba1c1,Bc1c2,Bc2d2][%mdl 32]} Qb6 {B14: Caro-Kann: Panov-Botvinnik Attack with 5...e6 and 5...g6} (11... Bd7 12. Bd3 Nb4 13. Bb1 Bc6 14. Ne5 Qb6 15. Qd2 Nfd5 16. Bxe7 Nxe7 17. Ne4 Nbd5 18. Nc5 Nf6 19. a5 {1-0 (27) Nigalidze,G (2460)-Kotanjian,T (2533) Tabriz 2012}) 12. Rc2 Qb4 $146 ({Predecessor:} 12... Rd8 13. Rd2 Nd5 14. Nxd5 exd5 15. Bxe7 Nxe7 16. Bd3 Bf5 17. Re1 Bxd3 18. Rxe7 Be4 19. Ne5 {0-1 (26) Charbonneau,A-Galoustov,K Montreal 2000}) 13. Ba2 Qd6 {The position is equal.} 14. Rd2 h6 15. Bh4 Rd8 ({Black should play} 15... Nb4 $11) 16. Re1 $14 {d5 is the strong threat.} Nb4 {[#]} 17. Bb1 (17. d5 $1 $16 {[%cal Rd5e6]} Nxa2 18. dxe6 Nxc3 19. bxc3) 17... Nbd5 $11 18. Qc2 Nb4 19. Qb3 a5 20. Bg3 Qc6 21. Ne5 Qe8 22. Nb5 {Threatens to win with Nc7.} Nfd5 23. Qf3 Nc6 24. Qd3 $36 {[%mdl 2048] White threatens Qh7+ and mate. White is pushing.} Nf6 $2 {[%mdl 8192]} (24... g6 $11 {and Black has nothing to worry.}) 25. Nc7 $18 {[%mdl 64] [#] Double Attack. White is clearly winning.} Qf8 26. Nxc6 bxc6 27. Nxa8 Bb4 {and the idea ...Ba6 leaves Black hopeful.} 28. Be5 {Accuracy: White = 29%, Black = 20%.} 1-0

[Event "NSV Open-ch Rapid 2019"]
[Site "Lueneburg"]
[Date "2019.08.03"]
[Round "2.10"]
[White "Reuker, Jari"]
[Black "Toepper, Olaf"]
[Result "1-0"]
[WhiteElo "2403"]
[BlackElo "1896"]
[Annotator "TA"]
[PlyCount "67"]
[EventDate "2019.08.03"]
[EventType "swiss"]
[EventCountry "GER"]
[SourceTitle "playchess.com"]
[Source "ChessBase"]
[SourceQuality "1"]

{[%evp 9,67,17,16,14,28,22,43,42,109,39,64,58,93,98,133,117,101,84,231,98,98,104,107,99,182,182,198,197,198,192,204,129,141,139,137,131,150,150,158,162,164,164,152,138,152,77,87,-109,0,0,0,0,0,0,0,0,103,103,111,113]} 1. Nf3 Nf6 2. c4 c6 3. g3 d5 4. Bg2 dxc4 5. O-O e6 (5... Nbd7 6. Na3 Nb6 7. Qc2 g6 8. Nxc4 Nxc4 9. Qxc4 Bg7 10. d3 O-O 11. Bd2 Nd5 12. Qc1 a5 13. Bh6 Bg4 14. Bxg7 Kxg7 15. Ne5 {½-½ (40) Aronian,L (2794)-Vitiugov,N (2735) Karlsruhe/Baden-Baden 2018}) 6. a4 {A11: English Opening: 1...c6} Be7 7. Na3 O-O 8. Nxc4 {White is slightly better.} b5 (8... c5 $14) 9. Nce5 (9. axb5 $16 cxb5 10. Na5) 9... Bb7 10. Qc2 $146 ({Predecessor:} 10. d4 a6 11. Qc2 Qb6 12. a5 Qa7 {1-0 (43) Martinez Alcantara,J (2301)-Hoang,H (1990) Al Ain 2013}) 10... Qb6 11. d4 Nbd7 12. a5 $36 {[%mdl 2048] White is really pushing.} Qa6 13. Ng5 {Nxd7 is the strong threat.} Rad8 (13... g6 $16) 14. Nxc6 (14. Bh3 $1 $18 {Hoping for Nexf7.} c5 15. Nexf7 Rxf7 16. Bxe6 {[%mdl 64] Pin}) 14... Bxc6 $16 15. Qxc6 ({Wrong is} 15. Bxc6 $2 Rc8 $19) 15... Qxc6 16. Bxc6 b4 (16... a6 $16 {might work better.}) 17. Nf3 $18 Rc8 18. Bb5 Rfd8 19. Bd3 Nb8 20. b3 Nd5 21. Bb2 Nc3 22. Rfc1 Bf6 23. e3 Nd7 24. Kg2 Nc5 25. Bc4 ({Stronger than} 25. dxc5 Rxd3 26. Bxc3 Bxc3 $11) 25... N5e4 26. Ne1 e5 {[#]} 27. dxe5 ({Better is} 27. d5 $1 {[%mdl 512]}) 27... Bxe5 $16 28. Rc2 $2 {[#]} (28. Ba6 $16 Rc6 29. Bb7) 28... Nd2 ({Black should play} 28... Rxc4 $1 $17 29. bxc4 b3) 29. Nf3 $11 Nxc4 30. bxc4 Bf6 31. Nd2 Rd7 32. Kf3 Rcd8 {[#]} (32... g6 $11) 33. Ne4 $1 $16 {[%cal Re4f6]} Nxe4 34. Kxe4 {Accuracy: White = 56%, Black = 38%.} 1-0

[Event "NSV Open-ch Rapid 2019"]
[Site "Lueneburg"]
[Date "2019.08.03"]
[Round "2.11"]
[White "Rempe, Jonas"]
[Black "Stork, Oliver"]
[Result "0-1"]
[WhiteElo "1839"]
[BlackElo "2322"]
[Annotator "TA"]
[PlyCount "44"]
[EventDate "2019.08.03"]
[EventType "swiss"]
[EventCountry "GER"]
[SourceTitle "playchess.com"]
[Source "ChessBase"]
[SourceQuality "1"]

{[%evp 14,124,37,26,30,25,60,27,31,15,14,7,25,-72,-64,-95,-81,-73,-77,-94,-77,-70,-74,-67,-66,-112,-102,-104,-104,-108,-116,-115,-96,-95,-71,-85,185,179,180,179,268,272,263,240,255,254,253,253,249,220,221,213,229,135,207,28,247,165,207,214,219,221,248,236,292,191,377,242,528,510,517,454,429,377,518,527,422,341,300,302,356,354,359,358,356,317,314,318,289,208,249,123,253,107,107,0,0,0,0,-6079,0,-5089,-3884,-29984,-29984,-29986,-29987,-29987,-29988,-29989,-29990,-29990,-29990]} 1. e4 c6 2. d4 d5 3. Nd2 dxe4 4. Nxe4 Nf6 5. Nxf6+ exf6 6. c3 Bd6 7. Bd3 O-O 8. Qc2 Re8+ {B15: Caro-Kann: 3 Nc3: 3...g6 and 3...dxe4 4 Nxe4 Nf6 5 Nxf6+ exf6} 9. Ne2 (9. Be3 h6 10. Ne2 Na6 11. O-O Nc7 12. c4 Bg4 13. h3 Bxe2 14. Bxe2 Ne6 15. Rad1 Qc7 16. Bg4 Rad8 17. Rfe1 Bf4 18. Bxf4 Nxf4 19. Rxe8+ Rxe8 {½-½ (58) Svidler,P (2756)-Carlsen,M (2839) Porto Carras 2018}) 9... h5 10. Bd2 Nd7 {White has an edge.} 11. O-O-O Nf8 12. f3 $146 ({Predecessor:} 12. h3 Ng6 13. Ng3 Nf4 14. Bxf4 Bxf4+ 15. Kb1 h4 16. Nf5 Bxf5 17. Bxf5 {0-1 (58) Andriasian,Z (2585)-Vidit,S (2718) chess.com INT 2018}) 12... Qc7 13. f4 (13. Kb1 $11) 13... Bg4 $17 14. Rde1 Bxe2 15. Bxe2 Bxf4 16. Bxh5 Rxe1+ 17. Rxe1 Bxd2+ 18. Qxd2 Qxh2 19. Qe2 g6 20. Bf3 Ne6 21. d5 Nf4 22. Qd2 Nxd5 {Played: Ra8-d8} 0-1

[Event "NSV Open-ch Rapid 2019"]
[Site "Lueneburg"]
[Date "2019.08.03"]
[Round "2.12"]
[White "Bargsten, Justus"]
[Black "Doederlein, Etienne"]
[Result "1-0"]
[WhiteElo "1946"]
[BlackElo "1868"]
[Annotator "NA RC"]
[PlyCount "39"]
[EventDate "2019.08.03"]
[EventType "swiss"]
[EventCountry "GER"]
[SourceTitle "playchess.com"]
[Source "ChessBase"]
[SourceQuality "1"]
[TimeControl "600+5"]

1. e4 {[%emt 0:00:00]} d5 {[%emt 0:00:00]} 2. exd5 {[%emt 0:00:00]} Qxd5 {[%emt 0:00:00]} 3. Nc3 {[%emt 0:00:00]} Qd8 {[%emt 0:00:01]} 4. d4 {[%emt 0:00:00]} Nf6 {[%emt 0:00:02]} 5. Bc4 {[%emt 0:00:01]} a6 {[%emt 0:00:05]} 6. Nf3 {[%emt 0:00:04]} b5 {[%emt 0:00:01]} 7. Bb3 {[%emt 0:00:01]} Bb7 {[%emt 0:00:07]} 8. Bg5 {[%emt 0:00:03]} c5 {[%emt 0:00:21]} 9. dxc5 {[%emt 0:00:18]} Qxd1+ {[%emt 0:00:01]} 10. Rxd1 {[%emt 0:00:02]} Nbd7 {[%emt 0:01:08]} 11. Bxf6 {[%emt 0:00:42]} gxf6 {[%emt 0:00:54]} 12. Bxf7+ {[%emt 0:00:09]} Kxf7 {[%emt 0:00:03]} 13. Rxd7 {[%emt 0:00:01]} Bxf3 {[%emt 0:00:03]} 14. gxf3 {[%emt 0:00:02]} Bh6 {[%emt 0:00:08]} 15. Nd5 {[%emt 0:00:04]} Rae8 {[%emt 0:00:12]} 16. c6 {[%emt 0:00:02]} Rhg8 {[%emt 0:00:39]} 17. Kd1 {[%emt 0:01:07]} Rg5 {[%emt 0:00:05]} 18. Re1 {[%emt 0:00:08]} Re5 {[%emt 0:00:32]} 19. Rxe5 {[%emt 0:00:09]} fxe5 {[%emt 0:00:01]} 20. c7 {[%emt 0:00:11]} 1-0

[Event "NSV Open-ch Rapid 2019"]
[Site "Lueneburg"]
[Date "2019.08.03"]
[Round "2.14"]
[White "Langer, Michael S."]
[Black "Colbow, Collin"]
[Result "1/2-1/2"]
[WhiteElo "1911"]
[BlackElo "2167"]
[Annotator "TA"]
[PlyCount "81"]
[EventDate "2019.08.03"]
[EventType "swiss"]
[EventCountry "GER"]
[SourceTitle "playchess.com"]
[Source "ChessBase"]
[SourceQuality "1"]

{[%evp 12,81,39,33,60,27,33,36,54,25,30,22,28,33,189,33,50,47,63,41,41,55,90,48,67,74,124,88,150,82,143,124,142,152,209,108,108,131,115,89,149,165,122,93,89,42,60,34,46,43,72,66,113,41,172,171,158,144,125,66,77,68,120,29,164,149,300,0,170,0,213,0]} 1. Nf3 Nf6 2. c4 g6 3. d4 Bg7 4. e3 O-O 5. Be2 d6 6. O-O c6 7. Nc3 Qc7 {E61: King's Indian: Early deviations for White, including Smyslov System} (7... a5 8. b3 Qb6 9. Bb2 Nbd7 10. Qc2 Re8 11. Rfd1 e5 12. dxe5 dxe5 13. Na4 Qc7 14. Ba3 Bf8 15. Bxf8 Nxf8 {½-½ (35) Pakleza,Z (2506)-Zhu,J (2364) Las Vegas 2018}) 8. b4 e5 9. Bb2 exd4 $146 {White is slightly better.} ({Predecessor:} 9... e4 10. Nd2 d5 11. Qb3 Be6 12. Rfc1 Qd7 13. a4 Rc8 14. a5 Qd8 15. Rc2 {1-0 (33) Drozdov,S (2243)-Pakalniskis,R (1815) Klaipeda 2016}) 10. Nxd4 Nbd7 11. Rc1 a6 12. Qc2 b6 $2 (12... Re8 $14) 13. Rfd1 $2 (13. Nxc6 $1 $18 {Nd5 is the strong threat.} Qxc6 14. Bf3 {[%mdl 64] Skewer} Qxc4 15. Bxa8 Qxb4 16. Rfd1) 13... Bb7 14. Nf3 Ne5 15. Nxe5 dxe5 16. Bf3 Rfe8 17. Rd2 e4 18. Be2 Qe7 19. a3 Bc8 (19... Rad8 $142) 20. Rcd1 (20. Na4 $142) 20... Bf5 ({Black should try} 20... Ng4) 21. Na4 Qc7 22. Rd6 Nd5 {[#]} (22... Re6 $16 23. c5 b5) 23. cxd5 (23. Bxg7 $1 $18 {[%mdl 512]} Kxg7 24. c5 (24. cxd5 Qxd6 25. Nxb6 cxd5 $16)) 23... Qxd6 $16 24. Bxg7 (24. dxc6 $6 Qc7 $11) ({Stronger than} 24. Qxc6 Qxc6 25. dxc6 Bxb2 $15) 24... Kxg7 25. Nxb6 ({Of course not} 25. dxc6 $6 Qc7 $11) 25... cxd5 (25... Rad8 $142) 26. Nxa8 Rxa8 27. Qc3+ Kg8 28. Rc1 (28. Qd4 {looks sharper.} a5 29. Qb2 axb4 30. axb4 Bc8 31. b5) 28... Rc8 29. Qd2 (29. Qb2 {with more complications.} Rxc1+ 30. Qxc1 Bd7 31. h3 h5 32. Qf1) 29... Rxc1+ 30. Qxc1 Kf8 31. Qc3 Ke7 32. h3 (32. Qd4 $16) 32... h5 (32... Bd7 $14) 33. a4 $18 Bd7 34. b5 axb5 35. Bxb5 (35. axb5 $16 Ke6 36. Qa5) 35... Bxb5 $14 36. axb5 $16 {KQ-KQ} Kd7 ({Better is} 36... h4 $14) 37. Qg7 (37. Qd4 $16) 37... Qe6 (37... Kc7 $11) 38. Qd4 $18 Qd6 $2 (38... Kc8 $16 {was necessary.}) 39. Qg7 $2 (39. Qa7+ $18 Kc8 40. Qxf7) 39... Qe7 $2 (39... Qe6 $11 {and Black is okay.}) 40. Qd4 {And now Qa7+ would win.} Qd6 $1 41. Qg7 $2 {Accuracy: White = 35%, Black = 21%.} (41. Qa7+ $18 Kc8 42. Qxf7) 1/2-1/2

[Event "NSV Open-ch Rapid 2019"]
[Site "Lueneburg"]
[Date "2019.08.03"]
[Round "2.15"]
[White "Guo, Philipp Ziming"]
[Black "Ramme, Christoph"]
[Result "0-1"]
[WhiteElo "1728"]
[BlackElo "2154"]
[Annotator "TA"]
[PlyCount "32"]
[EventDate "2019.08.03"]
[EventType "swiss"]
[EventCountry "GER"]
[SourceTitle "playchess.com"]
[Source "ChessBase"]
[SourceQuality "1"]

{[%evp 19,98,-30,13,-15,0,-4,-4,-43,-30,-37,-11,-31,-9,-20,9,10,10,10,10,16,21,-20,-14,-70,-64,-71,28,-100,-75,-90,-82,-231,-238,-247,-234,-265,-263,-255,-184,-219,-137,-176,-179,-212,-193,-218,-186,-181,-160,-196,-197,-373,-356,-389,-373,-430,-454,-441,-404,-410,0,-455,-454,-454,-454,-452,-452,-451,-452,-419,-422,-381,-447,-345,-315,-301,-293,-293,-293,-381,-415]} 1. e4 c5 2. c3 d5 3. exd5 Nf6 4. d4 cxd4 5. cxd4 Nxd5 6. Nc3 e6 7. Nf3 Nc6 8. Be2 Be7 9. O-O O-O 10. a3 a6 11. Nxd5 {D41: Queen's Gambit Declined: Semi-Tarrasch with 5 cxd5} (11. Bd3 Bf6 12. Ne4 Bxd4 13. Nxd4 Nxd4 14. Bxa6 e5 15. Bc4 Bf5 16. Bd3 Qb6 17. Nc3 Ne7 18. Bxf5 Nexf5 19. b4 Rfd8 20. Bb2 Qg6 21. Rb1 Nh4 22. g3 Ndf3+ 23. Kh1 Rxd1 24. Rbxd1 Qg4 {0-1 (24) Sahin,D (2185)-Mestnikov,A (2114) Sochi 2016}) 11... Qxd5 12. Be3 b5 13. Rc1 {The position is equal.} Bb7 14. Qd2 $146 ({Predecessor:} 14. Bd3 Rac8 15. Qd2 Rfd8 16. Rfd1 g6 17. Bf1 Bf6 18. Rc5 Qd7 19. Kh1 Ne7 {0-1 (42) Pietzka,M (1860)-Janata,A (2002) Ditzingen 2010}) 14... Bf6 15. Rfd1 Rad8 16. Rc5 Qd6 {Played: Qd5xc5} 0-1